000
00250 a2200097 4500
001
39903
100
_a
Biddulph C E
245
_a
Selections from Poems of Khush Hal Khan Khattak
260
_a
Peshawar
_b
Saeed Book Bank
_c
1983
090
_c
24898
_d
24898
942
_a
NUST-CAE
_c
M
_c
16555
999
_c
274976
_d
274976